000
00260nam a22001217a 4500
003
SGT
082
_a
616.0757
_b
U07B
100
_a
BIANCHI,S
245
_a
ULTRASOUND OF THE MUSCULOSKELETAL SYSTEM
260
_b
SPRINGER
_c
2007
300
_a
974
942
_2
ddc
_c
BK
999
_c
14310
_d
14310